|
|
|
|
| LEADER |
00000cam a22000004a 4500 |
| 001 |
musev2_40705 |
| 003 |
MdBmJHUP |
| 005 |
20230905044252.0 |
| 006 |
m o d |
| 007 |
cr||||||||nn|n |
| 008 |
060519s2006 wau o 00 0 eng d |
| 010 |
|
|
|z 2021694791
|
| 020 |
|
|
|a 9780295805481
|
| 020 |
|
|
|z 9780295986487
|
| 035 |
|
|
|a (OCoLC)910845540
|
| 040 |
|
|
|a MdBmJHUP
|c MdBmJHUP
|
| 245 |
0 |
0 |
|a Reading for Form /
|c edited by Susan J. Wolfson and Marshall Brown.
|
| 264 |
|
1 |
|a Seattle :
|b University of Washington Press,
|c 2006.
|
| 264 |
|
3 |
|a Baltimore, Md. :
|b Project MUSE,
|c 2016
|
| 264 |
|
4 |
|c ©2006.
|
| 300 |
|
|
|a 1 online resource (304 pages).
|
| 336 |
|
|
|a text
|b txt
|2 rdacontent
|
| 337 |
|
|
|a computer
|b c
|2 rdamedia
|
| 338 |
|
|
|a online resource
|b cr
|2 rdacarrier
|
| 500 |
|
|
|a "Originally published in 2000 as a special issue of the Modern language quarterly"--T.p. verso.
|
| 500 |
|
|
|a "A Robert Heilman book."
|
| 505 |
0 |
|
|a Introduction: reading for form / Susan J. Wolfson -- Form and contentment / Ellen Rooney -- Hating and loving aesthetic formalism: some reasons / Virgil Nemoianu -- Medieval forma: the logic of the work / D. Vance Smith -- Guess who's coming to dinner? Reinterpreting formalism and the country house poem / Heather Dubrow -- "Among unequals, what society": Paradise lost and the forms of intimacy / Ronald Levao -- Formalism and history: binarism and the anglophone couplet / J. Paul Hunter.
|
| 505 |
0 |
|
|a The signature and the initial in Zukofsky's "A" / Susan Stewart -- "Sound scraps, vision scraps": Paul Celan's poetic practice / Marjorie Perloff -- Everybody hates Kant: Blakean formalism and the symmetries of Laura Moriarty / Robert Kaufman -- Jane Austen, Emma, and the impact of form / Frances Ferguson -- The foreign offices of British fiction / Garrett Stewart -- The slaughterhouse of literature / Franco Moretti -- Formalism and time / Catherine Gallagher.
|
| 546 |
|
|
|a English.
|
| 588 |
|
|
|a Description based on print version record.
|
| 650 |
0 |
7 |
|a Literatur.
|2 swd
|
| 650 |
0 |
7 |
|a Formalismus <Literaturwissenschaftliche Schule>
|2 swd
|
| 650 |
0 |
7 |
|a Formalismus <Literatur>
|2 swd
|
| 650 |
0 |
7 |
|a Interpretation.
|2 swd
|
| 650 |
|
7 |
|a Literatur
|2 gnd
|
| 650 |
|
7 |
|a Formalismus
|g Literaturwissenschaftliche Schule
|2 gnd
|
| 650 |
|
7 |
|a Formalismus
|g Literatur
|2 gnd
|
| 650 |
|
7 |
|a Interpretation
|2 gnd
|
| 650 |
|
7 |
|a Literature, Modern.
|2 fast
|0 (OCoLC)fst01000172
|
| 650 |
|
7 |
|a Formalism (Literary analysis)
|2 fast
|0 (OCoLC)fst00932941
|
| 650 |
|
7 |
|a LITERARY CRITICISM
|x General.
|2 bisacsh
|
| 650 |
|
7 |
|a LITERARY CRITICISM
|x Semiotics & Theory.
|2 bisacsh
|
| 650 |
|
6 |
|a Formalisme (Litterature)
|
| 650 |
|
0 |
|a Literature, Modern
|x History and criticism.
|
| 650 |
|
0 |
|a Formalism (Literary analysis)
|
| 655 |
|
7 |
|a Criticism, interpretation, etc.
|2 fast
|0 (OCoLC)fst01411635
|
| 655 |
|
7 |
|a Electronic books.
|2 local
|
| 700 |
1 |
|
|a Brown, Marshall,
|d 1945-
|
| 700 |
1 |
|
|a Wolfson, Susan J.,
|d 1948-
|
| 730 |
0 |
|
|a Modern language quarterly.
|
| 710 |
2 |
|
|a Project Muse.
|e distributor
|
| 830 |
|
0 |
|a Book collections on Project MUSE.
|
| 856 |
4 |
0 |
|z Texto completo
|u https://projectmuse.uam.elogim.com/book/40705/
|
| 945 |
|
|
|a Project MUSE - Custom Collection
|
| 945 |
|
|
|a Project MUSE - Archive Complete Supplement IV
|
| 945 |
|
|
|a Project MUSE - Archive Literature Supplement IV
|